[Event "Turniej Bankowcow"]
[Site "?"]
[Date "2014.03.25"]
[Round "1.1"]
[White "Grycel, Kamil"]
[Black "Czerwoniec, Andrzej"]
[Result "1-0"]
[BlackElo "1684"]
[WhiteElo "2315"]
[LiveChessVersion "1.4.8"]

1. d4 {[%clk 0:11:59]} d5 {[%clk 0:12:00]} 2. c4 {[%clk 0:11:59]} c6
{[%clk 0:12:01]} 3. cxd5 {[%clk 0:11:57]} cxd5 {[%clk 0:12:01]} 4. Nc3
{[%clk 0:11:57]} Nf6 {[%clk 0:12:00]} 5. Bf4 {[%clk 0:11:56]} Nc6
{[%clk 0:11:55]} 6. e3 {[%clk 0:11:56]} e6 {[%clk 0:11:26]} 7. Bd3
{[%clk 0:11:42]} Bd6 {[%clk 0:11:18]} 8. Nge2 {[%clk 0:11:31]} O-O
{[%clk 0:11:08]} 9. O-O {[%clk 0:11:19]} a6 {[%clk 0:10:47]} 10. Rc1 Bxf4
{[%clk 0:10:18]} 11. Nxf4 {[%clk 0:11:18]} Qe7 {[%clk 0:09:53]} 12. Na4
{[%clk 0:10:48]} Nb4 {[%clk 0:09:16]} 13. Bb1 {[%clk 0:10:25]} Qd6
{[%clk 0:08:51]} 14. a3 {[%clk 0:09:49]} Nc6 {[%clk 0:08:47]} 15. Qd3
{[%clk 0:08:11]} Bd7 {[%clk 0:08:26]} 16. Nb6 {[%clk 0:07:19]} Rad8
{[%clk 0:08:13]} 17. Nh5 {[%clk 0:06:28]} Ne4 {[%clk 0:07:28]} 18. Nxd7
{[%clk 0:06:11]} Rxd7 {[%clk 0:07:10]} 19. f3 {[%clk 0:06:10]} g6
{[%clk 0:05:31]} 20. fxe4 {[%clk 0:05:57]} 1-0

[Event "Turniej Bankowcow"]
[Site "?"]
[Date "2014.03.25"]
[Round "1.2"]
[White "Tadzik, Dariusz"]
[Black "Mazurkiewicz, Michal"]
[Result "0-1"]
[BlackElo "2289"]
[WhiteElo "1682"]
[LiveChessVersion "1.4.8"]

1. d4 {[%clk 0:12:01]} Nf6 {[%clk 0:12:00]} 2. Nf3 {[%clk 0:12:01]} b5
{[%clk 0:12:01]} 3. c3 {[%clk 0:11:57]} e6 {[%clk 0:12:01]} 4. Bg5
{[%clk 0:11:57]} Be7 {[%clk 0:12:01]} 5. Nbd2 {[%clk 0:11:50]} Bb7
{[%clk 0:11:57]} 6. e3 {[%clk 0:11:38]} a6 {[%clk 0:11:57]} 7. Bd3
{[%clk 0:11:34]} h6 {[%clk 0:11:49]} 8. Bh4 {[%clk 0:11:35]} O-O {[%clk 0:11:48]}
9. O-O {[%clk 0:11:34]} d5 {[%clk 0:11:28]} 10. Ne5 {[%clk 0:11:31]} Nbd7
{[%clk 0:11:22]} 11. f4 Ne4 {[%clk 0:09:06]} 12. Bxe7 {[%clk 0:11:24]} Qxe7
{[%clk 0:09:07]} 13. Ndf3 {[%clk 0:10:56]} Nb6 {[%clk 0:06:40]} 14. Qe2
{[%clk 0:10:12]} Qe8 {[%clk 0:05:29]} 15. Rac1 {[%clk 0:09:27]} f6
{[%clk 0:05:26]} 16. Ng4 {[%clk 0:09:22]} Rc8 {[%clk 0:05:17]} 17. Nd2
{[%clk 0:09:16]} c5 {[%clk 0:04:41]} 18. Bxe4 {[%clk 0:06:43]} dxe4
{[%clk 0:04:42]} 19. Nf2 {[%clk 0:06:43]} f5 {[%clk 0:04:39]} 20. Nb3
{[%clk 0:06:40]} Bd5 {[%clk 0:04:15]} 21. Nxc5 {[%clk 0:04:59]} Bc4
{[%clk 0:04:13]} 22. Qc2 {[%clk 0:04:44]} Bxf1 {[%clk 0:04:10]} 23. Rxf1
{[%clk 0:04:43]} Nd5 {[%clk 0:03:42]} 24. Re1 {[%clk 0:04:35]} Rc6
{[%clk 0:03:43]} 25. b3 {[%clk 0:03:54]} Qe7 {[%clk 0:03:32]} 26. b4
{[%clk 0:03:51]} Ra8 {[%clk 0:03:09]} 27. a3 {[%clk 0:03:36]} a5 {[%clk 0:03:06]}
28. c4 {[%clk 0:03:18]} bxc4 {[%clk 0:02:51]} 29. Qxc4 {[%clk 0:03:19]} axb4
{[%clk 0:02:40]} 30. axb4 {[%clk 0:03:19]} Nxe3 {[%clk 0:02:27]} 31. Qb3
{[%clk 0:02:27]} Nd5 {[%clk 0:02:21]} 32. b5 {[%clk 0:02:28]} Rxc5
{[%clk 0:02:09]} 33. dxc5 {[%clk 0:02:29]} Qxc5 {[%clk 0:02:10]} 34. Rb1
{[%clk 0:02:21]} Ra3 {[%clk 0:01:54]} 35. Qb2 {[%clk 0:02:14]} Rc3
{[%clk 0:01:42]} 36. Qd2 {[%clk 0:01:45]} e3 {[%clk 0:01:40]} 37. Qe1
{[%clk 0:01:44]} exf2+ {[%clk 0:01:40]} 38. Qxf2 {[%clk 0:01:45]} Rc1+
{[%clk 0:01:30]} 0-1

[Event "Turniej Bankowcow"]
[Site "?"]
[Date "2014.03.25"]
[Round "1.3"]
[White "Bugajski, Robert"]
[Black "Paziewski, Marcin"]
[Result "1-0"]
[BlackElo "1655"]
[WhiteElo "2203"]
[LiveChessVersion "1.4.8"]

1. c4 {[%clk 0:11:59]} Nf6 {[%clk 0:12:00]} 2. g3 {[%clk 0:12:00]} e6
{[%clk 0:11:40]} 3. Bg2 {[%clk 0:11:59]} d5 {[%clk 0:11:40]} 4. Nf3
{[%clk 0:11:56]} Be7 {[%clk 0:11:21]} 5. O-O {[%clk 0:11:54]} O-O
{[%clk 0:11:20]} 6. d4 c6 {[%clk 0:09:58]} 7. Nc3 {[%clk 0:11:37]} Nbd7
{[%clk 0:09:16]} 8. Qc2 {[%clk 0:11:10]} h6 {[%clk 0:08:30]} 9. Rd1
{[%clk 0:10:11]} Re8 {[%clk 0:07:08]} 10. b3 {[%clk 0:09:16]} dxc4
{[%clk 0:06:03]} 11. bxc4 {[%clk 0:09:14]} c5 {[%clk 0:04:53]} 12. d5
{[%clk 0:09:07]} exd5 13. cxd5 {[%clk 0:09:04]} Bd6 {[%clk 0:03:58]} 14. Bb2
{[%clk 0:08:06]} Nb6 {[%clk 0:03:32]} 15. Rac1 {[%clk 0:05:32]} Bg4
{[%clk 0:03:20]} 16. Nb5 {[%clk 0:05:02]} a6 17. Nxd6 {[%clk 0:05:00]} Qxd6
{[%clk 0:01:22]} 18. Bxf6 {[%clk 0:04:02]} gxf6 {[%clk 0:01:07]} 19. e3
{[%clk 0:03:40]} Nd7 {[%clk 0:00:50]} 20. h3 {[%clk 0:03:17]} Bxf3
{[%clk 0:00:45]} 21. Bxf3 {[%clk 0:03:18]} b5 {[%clk 0:00:46]} 22. Bg4
{[%clk 0:03:06]} c4 {[%clk 0:00:45]} 23. Bxd7 {[%clk 0:02:56]} Qxd7
{[%clk 0:00:46]} 24. Kh2 {[%clk 0:02:52]} Qd6 {[%clk 0:00:43]} 25. Rd4
{[%clk 0:02:52]} Re5 {[%clk 0:00:39]} 26. h4 {[%clk 0:02:52]} Rxd5
{[%clk 0:00:24]} 27. Rcd1 {[%clk 0:02:53]} Rd8 {[%clk 0:00:23]} 28. Rxd5
{[%clk 0:02:54]} Qxd5 {[%clk 0:00:23]} 29. Rxd5 {[%clk 0:02:55]} 1-0

[Event "Turniej Bankowcow"]
[Site "?"]
[Date "2016.11.20"]
[Round "2.1"]
[White "Szwaj, Jacek"]
[Black "Grycel, Kamil"]
[Result "0-1"]
[BlackElo "2315"]
[WhiteElo "1894"]
[LiveChessVersion "1.4.8"]

1. e4 {[%clk 0:12:00]} c5 {[%clk 0:12:00]} 2. Nf3 {[%clk 0:12:00]} e6 3. d4
{[%clk 0:11:56]} cxd4 {[%clk 0:11:58]} 4. Nxd4 {[%clk 0:11:56]} a6
{[%clk 0:11:58]} 5. g3 {[%clk 0:11:56]} Nf6 {[%clk 0:11:48]} 6. Bg2
{[%clk 0:11:56]} Qc7 {[%clk 0:11:37]} 7. O-O {[%clk 0:11:48]} Nc6
{[%clk 0:11:19]} 8. Nxc6 {[%clk 0:11:37]} bxc6 {[%clk 0:11:15]} 9. c4
{[%clk 0:11:36]} Bc5 {[%clk 0:10:53]} 10. Nc3 {[%clk 0:11:20]} e5
{[%clk 0:10:04]} 11. Qc2 {[%clk 0:09:50]} d6 12. a3 {[%clk 0:09:23]} a5
{[%clk 0:09:57]} 13. Na4 {[%clk 0:08:54]} Bd4 {[%clk 0:09:37]} 14. Bd2
{[%clk 0:08:49]} c5 {[%clk 0:08:48]} 15. Bc3 {[%clk 0:07:55]} Bd7
{[%clk 0:06:58]} 16. Bxd4 {[%clk 0:07:35]} cxd4 {[%clk 0:06:59]} 17. b4
{[%clk 0:07:21]} O-O {[%clk 0:06:42]} 18. b5 {[%clk 0:07:21]} Bxb5
{[%clk 0:06:36]} 19. Rfc1 {[%clk 0:07:11]} Rfc8 {[%clk 0:06:09]} 20. Nb2
{[%clk 0:07:06]} Ba6 {[%clk 0:06:05]} 21. f4 {[%clk 0:06:57]} Nd7
{[%clk 0:05:49]} 22. Bf1 {[%clk 0:05:51]} Nc5 {[%clk 0:05:47]} 23. Na4
{[%clk 0:05:36]} Rab8 {[%clk 0:05:35]} 24. Nxc5 {[%clk 0:05:32]} Qxc5
{[%clk 0:05:34]} 25. Bd3 {[%clk 0:05:26]} Rb6 {[%clk 0:05:31]} 26. Rcb1
{[%clk 0:05:03]} Rxb1+ {[%clk 0:05:04]} 27. Qxb1 {[%clk 0:05:03]} Bxc4
{[%clk 0:04:53]} 0-1

[Event "Turniej Bankowcow"]
[Site "?"]
[Date "2016.11.20"]
[Round "2.2"]
[White "Mazurkiewicz, Michal"]
[Black "Kokoszczynski, Jan"]
[Result "1-0"]
[BlackElo "1990"]
[WhiteElo "2289"]
[LiveChessVersion "1.4.8"]

1. e4 {[%clk 0:12:01]} e5 {[%clk 0:12:01]} 2. Nf3 {[%clk 0:12:02]} Nc6
{[%clk 0:12:01]} 3. Bb5 {[%clk 0:12:04]} a6 {[%clk 0:12:01]} 4. Bxc6
{[%clk 0:12:05]} dxc6 {[%clk 0:12:02]} 5. O-O {[%clk 0:12:05]} f6
{[%clk 0:12:00]} 6. d4 {[%clk 0:12:05]} exd4 {[%clk 0:11:58]} 7. Nxd4
{[%clk 0:12:06]} c5 {[%clk 0:11:50]} 8. Nb3 {[%clk 0:12:07]} Qxd1
{[%clk 0:11:44]} 9. Rxd1 {[%clk 0:12:08]} Be6 {[%clk 0:11:41]} 10. Bf4
{[%clk 0:11:52]} Rd8 {[%clk 0:10:33]} 11. Nc3 {[%clk 0:11:50]} Bd6
{[%clk 0:10:17]} 12. Bxd6 {[%clk 0:08:24]} cxd6 {[%clk 0:10:17]} 13. Rd2
{[%clk 0:07:30]} Nh6 {[%clk 0:09:13]} 14. Rad1 {[%clk 0:06:45]} Nf7
{[%clk 0:09:14]} 15. Na5 {[%clk 0:06:15]} Rd7 {[%clk 0:08:29]} 16. f4
{[%clk 0:05:11]} b6 {[%clk 0:07:07]} 17. f5 {[%clk 0:04:46]} Bxa2
{[%clk 0:06:38]} 18. Nxa2 {[%clk 0:04:47]} bxa5 {[%clk 0:06:39]} 19. Nc3
{[%clk 0:04:49]} Rb7 {[%clk 0:05:02]} 20. b3 {[%clk 0:04:42]} Rb4
{[%clk 0:03:46]} 21. Ra1 {[%clk 0:04:18]} a4 {[%clk 0:03:46]} 22. Nxa4
{[%clk 0:03:08]} Rxe4 {[%clk 0:02:43]} 23. Nc3 {[%clk 0:03:09]} Rd4
{[%clk 0:01:44]} 24. Rxd4 {[%clk 0:03:10]} cxd4 {[%clk 0:01:45]} 25. Ne2
{[%clk 0:03:12]} d3 {[%clk 0:01:33]} 26. cxd3 {[%clk 0:03:12]} Kd7
{[%clk 0:01:21]} 27. Rxa6 {[%clk 0:03:11]} Ne5 {[%clk 0:01:19]} 28. Nd4
{[%clk 0:03:03]} Rc8 {[%clk 0:01:14]} 29. Ra7+ {[%clk 0:02:51]} Rc7
{[%clk 0:00:30]} 30. Rxc7+ {[%clk 0:02:51]} Kxc7 {[%clk 0:00:31]} 31. Ne6+
{[%clk 0:02:52]} Kc6 {[%clk 0:00:07]} 32. Nxg7 {[%clk 0:02:41]} Nxd3
{[%clk 0:00:06]} 33. Ne8 {[%clk 0:02:40]} Nc5 {[%clk 0:00:04]} 34. Nxf6
{[%clk 0:02:37]} Nxb3 {[%clk 0:00:05]} 35. Nxh7 {[%clk 0:02:37]} Kd5
{[%clk 0:00:06]} 36. g4 {[%clk 0:02:29]} Nd4 {[%clk 0:00:07]} 37. Kf2
{[%clk 0:02:19]} Ke5 {[%clk 0:00:08]} 38. f6 {[%clk 0:01:59]} Ke6
{[%clk 0:00:05]} 39. Ke3 {[%clk 0:01:58]} Nc6 {[%clk 0:00:06]} 40. h4
{[%clk 0:01:09]} Ne5 {[%clk 0:00:07]} 41. Kf4 {[%clk 0:01:09]} d5
{[%clk 0:00:07]} 42. Nf8+ {[%clk 0:00:57]} Kd6 {[%clk 0:00:05]} 43. g5
{[%clk 0:00:49]} d4 {[%clk 0:00:04]} 44. g6 {[%clk 0:00:49]} 1-0

[Event "Turniej Bankowcow"]
[Site "?"]
[Date "2016.11.20"]
[Round "2.3"]
[White "Jachimiak, Wojciech"]
[Black "Bugajski, Robert"]
[Result "1-0"]
[BlackElo "2203"]
[WhiteElo "1866"]
[LiveChessVersion "1.4.8"]

1. d4 {[%clk 0:11:59]} Nf6 {[%clk 0:12:00]} 2. c4 {[%clk 0:12:00]} g6
{[%clk 0:12:00]} 3. Nc3 {[%clk 0:12:00]} d5 {[%clk 0:12:01]} 4. Nf3
{[%clk 0:11:45]} Bg7 {[%clk 0:12:01]} 5. Bf4 {[%clk 0:11:43]} O-O
{[%clk 0:12:01]} 6. e3 {[%clk 0:11:43]} c5 {[%clk 0:12:01]} 7. Be2
{[%clk 0:11:29]} cxd4 {[%clk 0:12:02]} 8. exd4 {[%clk 0:11:30]} Nc6
{[%clk 0:11:53]} 9. O-O {[%clk 0:11:29]} dxc4 {[%clk 0:11:37]} 10. Bxc4
{[%clk 0:11:29]} Bg4 {[%clk 0:11:37]} 11. d5 {[%clk 0:11:13]} Bxf3
{[%clk 0:11:19]} 12. Qxf3 {[%clk 0:11:12]} Na5 {[%clk 0:11:01]} 13. Be2
{[%clk 0:10:48]} Rc8 {[%clk 0:10:52]} 14. Rad1 {[%clk 0:09:10]} Nc4
{[%clk 0:10:49]} 15. Bc1 {[%clk 0:08:33]} Qb6 {[%clk 0:10:01]} 16. b3
{[%clk 0:07:49]} Ne5 {[%clk 0:09:33]} 17. Qg3 {[%clk 0:07:49]} Ned7
{[%clk 0:08:59]} 18. Rfe1 {[%clk 0:07:35]} Nh5 {[%clk 0:08:42]} 19. Bxh5
{[%clk 0:07:31]} Rxc3 {[%clk 0:08:37]} 20. Bf3 {[%clk 0:07:31]} Ne5
{[%clk 0:08:27]} 21. Rxe5 {[%clk 0:07:22]} Bxe5 {[%clk 0:07:26]} 22. Qxe5
{[%clk 0:07:23]} Rfc8 {[%clk 0:07:27]} 23. Bb2 {[%clk 0:06:44]} f6
{[%clk 0:07:13]} 24. Qxe7 {[%clk 0:06:34]} Rc2 {[%clk 0:07:09]} 25. Bd4
{[%clk 0:05:58]} Qa6 {[%clk 0:06:43]} 26. d6 {[%clk 0:05:30]} Rc1
{[%clk 0:06:27]} 27. Bd5+ {[%clk 0:05:22]} 1-0

[Event "Turniej Bankowcow"]
[Site "?"]
[Date "2016.11.20"]
[Round "3.1"]
[White "Grycel, Kamil"]
[Black "Pyra, Daniel"]
[Result "1/2-1/2"]
[BlackElo "2008"]
[WhiteElo "2315"]
[LiveChessVersion "1.4.8"]

1. Nf3 {[%clk 0:11:59]} d5 {[%clk 0:12:01]} 2. g3 {[%clk 0:11:59]} c6
{[%clk 0:12:00]} 3. Bg2 {[%clk 0:11:59]} Bf5 {[%clk 0:11:59]} 4. O-O
{[%clk 0:11:55]} Nf6 {[%clk 0:12:00]} 5. d3 {[%clk 0:11:47]} e6 {[%clk 0:11:52]}
6. Nfd2 {[%clk 0:11:43]} Bc5 {[%clk 0:11:31]} 7. e4 {[%clk 0:11:23]} dxe4
{[%clk 0:11:24]} 8. dxe4 {[%clk 0:11:09]} Bg4 {[%clk 0:10:34]} 9. Qe1
{[%clk 0:11:06]} O-O {[%clk 0:10:26]} 10. Nb3 {[%clk 0:10:41]} Bb6
{[%clk 0:10:13]} 11. h3 {[%clk 0:10:05]} Bh5 {[%clk 0:10:12]} 12. Nc3
{[%clk 0:09:16]} e5 {[%clk 0:09:49]} 13. Na4 {[%clk 0:08:32]} Bc7
{[%clk 0:09:32]} 14. g4 {[%clk 0:08:03]} Bg6 {[%clk 0:09:32]} 15. Bg5
{[%clk 0:07:57]} Nbd7 {[%clk 0:07:47]} 16. Rd1 {[%clk 0:06:44]} Qc8
{[%clk 0:07:49]} 17. Qe2 {[%clk 0:06:11]} h6 {[%clk 0:07:15]} 18. Bc1
{[%clk 0:05:46]} Rd8 {[%clk 0:06:33]} 19. Bf3 {[%clk 0:03:38]} Nf8
{[%clk 0:06:22]} 20. Nac5 {[%clk 0:03:16]} b6 {[%clk 0:06:00]} 21. Nd3
{[%clk 0:03:03]} Ne6 {[%clk 0:06:00]} 22. h4 {[%clk 0:02:46]} Qa6
{[%clk 0:05:41]} 1/2-1/2

[Event "Turniej Bankowcow"]
[Site "?"]
[Date "2016.11.20"]
[Round "3.2"]
[White "Kazmierczak, Stanislaw"]
[Black "Mazurkiewicz, Michal"]
[Result "0-1"]
[BlackElo "2289"]
[WhiteElo "2101"]
[LiveChessVersion "1.4.8"]

1. e4 {[%clk 0:12:01]} d6 {[%clk 0:12:01]} 2. d4 {[%clk 0:12:02]} Nf6
{[%clk 0:12:03]} 3. Bd3 {[%clk 0:11:11]} e5 {[%clk 0:11:54]} 4. d5
{[%clk 0:10:33]} c6 {[%clk 0:11:50]} 5. c4 {[%clk 0:10:30]} cxd5 {[%clk 0:11:38]}
6. cxd5 {[%clk 0:10:25]} Be7 {[%clk 0:11:36]} 7. Nc3 {[%clk 0:10:19]} O-O
{[%clk 0:11:32]} 8. Nge2 {[%clk 0:10:05]} Nbd7 {[%clk 0:11:09]} 9. O-O
{[%clk 0:09:43]} Nc5 {[%clk 0:11:07]} 10. Bc2 {[%clk 0:09:43]} a5
{[%clk 0:11:06]} 11. Ng3 {[%clk 0:09:19]} Bd7 {[%clk 0:10:27]} 12. Na4
{[%clk 0:08:36]} Bxa4 {[%clk 0:09:03]} 13. Bxa4 {[%clk 0:08:31]} Nfxe4
{[%clk 0:08:58]} 14. Nf5 {[%clk 0:07:58]} Bg5 {[%clk 0:07:56]} 15. f3
{[%clk 0:07:03]} Bxc1 {[%clk 0:07:54]} 16. Rxc1 {[%clk 0:06:07]} Nf6
{[%clk 0:07:51]} 17. Kh1 {[%clk 0:05:32]} g6 {[%clk 0:06:36]} 18. Ne3
{[%clk 0:05:17]} Rc8 {[%clk 0:06:28]} 19. Bb5 {[%clk 0:04:38]} Qb6
{[%clk 0:04:12]} 20. Qe2 {[%clk 0:03:55]} a4 {[%clk 0:03:34]} 21. Qc4
{[%clk 0:03:00]} Kg7 {[%clk 0:02:51]} 22. b4 {[%clk 0:02:44]} Nce4
{[%clk 0:01:17]} 23. Qxc8 {[%clk 0:01:20]} Rxc8 {[%clk 0:01:18]} 24. Rxc8
{[%clk 0:01:21]} Qxb5 {[%clk 0:00:47]} 25. fxe4 {[%clk 0:01:22]} Ng4
{[%clk 0:00:45]} 26. Rc7 {[%clk 0:00:40]} Nxe3 {[%clk 0:00:39]} 27. Rfxf7+
{[%clk 0:00:39]} Kh6 {[%clk 0:00:38]} 28. Rxh7+ {[%clk 0:00:37]} Kg5
{[%clk 0:00:39]} 29. h4+ {[%clk 0:00:13]} Kg4 {[%clk 0:00:40]} 30. Rcg7
{[%clk 0:00:13]} Qf1+ {[%clk 0:00:40]} 0-1

[Event "Turniej Bankowcow"]
[Site "?"]
[Date "2016.11.20"]
[Round "3.3"]
[White "Omelanczuk, Jacek"]
[Black "Cajbel, Maciej"]
[Result "0-1"]
[BlackElo "2182"]
[WhiteElo "2037"]
[LiveChessVersion "1.4.8"]

1. e4 {[%clk 0:12:00]} c5 {[%clk 0:12:01]} 2. Nf3 {[%clk 0:12:00]} Nc6
{[%clk 0:11:56]} 3. d4 {[%clk 0:12:00]} cxd4 {[%clk 0:11:57]} 4. Nxd4
{[%clk 0:11:58]} g6 {[%clk 0:11:54]} 5. Be3 {[%clk 0:11:54]} Bg7 {[%clk 0:11:55]}
6. Nc3 {[%clk 0:11:27]} Nf6 {[%clk 0:11:55]} 7. Bc4 {[%clk 0:11:03]} O-O
{[%clk 0:11:55]} 8. O-O {[%clk 0:10:12]} d6 {[%clk 0:11:41]} 9. Nxc6
{[%clk 0:08:26]} bxc6 {[%clk 0:11:42]} 10. f3 {[%clk 0:08:18]} Bb7
{[%clk 0:11:16]} 11. Bb3 {[%clk 0:07:16]} Qc7 {[%clk 0:10:40]} 12. Qd2
{[%clk 0:06:27]} Rfd8 {[%clk 0:10:38]} 13. Qf2 {[%clk 0:06:00]} d5
{[%clk 0:07:54]} 14. exd5 {[%clk 0:04:06]} cxd5 {[%clk 0:07:54]} 15. Nb5
{[%clk 0:03:15]} Qd7 {[%clk 0:07:13]} 16. Nd4 {[%clk 0:01:26]} e5
{[%clk 0:07:01]} 17. Ne2 {[%clk 0:01:25]} d4 {[%clk 0:06:47]} 18. Bg5
{[%clk 0:01:22]} Qf5 {[%clk 0:06:47]} 19. Bxf6 {[%clk 0:01:13]} Qxf6
{[%clk 0:06:39]} 20. Ng3 {[%clk 0:01:03]} Bh6 {[%clk 0:06:00]} 21. Kh1
{[%clk 0:00:58]} Ba6 {[%clk 0:05:47]} 22. Ne4 {[%clk 0:00:38]} Qe7
{[%clk 0:05:44]} 23. Rfd1 {[%clk 0:00:35]} Kg7 {[%clk 0:05:16]} 24. Qg3
{[%clk 0:00:18]} Bf4 {[%clk 0:04:44]} 25. Qe1 {[%clk 0:00:10]} Rac8
{[%clk 0:04:23]} 26. g3 {[%clk 0:00:10]} Be3 {[%clk 0:04:20]} 27. Nf2
{[%clk 0:00:09]} f5 {[%clk 0:04:11]} 28. Nd3 {[%clk 0:00:09]} Bb7
{[%clk 0:04:05]} 29. Qe2 {[%clk 0:00:09]} e4 {[%clk 0:03:57]} 0-1

[Event "Turniej Bankowcow"]
[Site "?"]
[Date "2016.11.20"]
[Round "4.1"]
[White "Mazurkiewicz, Michal"]
[Black "Lupkowski, Edward"]
[Result "1/2-1/2"]
[BlackElo "2166"]
[WhiteElo "2289"]
[LiveChessVersion "1.4.8"]

1. e4 {[%clk 0:12:02]} d6 {[%clk 0:11:53]} 2. g3 {[%clk 0:11:52]} Nf6
{[%clk 0:11:54]} 3. Bg2 {[%clk 0:11:53]} g6 4. d4 {[%clk 0:11:53]} c6
{[%clk 0:11:51]} 5. Ne2 {[%clk 0:11:53]} Qc7 {[%clk 0:11:49]} 6. O-O
{[%clk 0:11:52]} Bg7 {[%clk 0:11:36]} 7. h3 {[%clk 0:11:52]} O-O {[%clk 0:11:27]}
8. c4 {[%clk 0:11:53]} e5 {[%clk 0:11:20]} 9. Nbc3 {[%clk 0:11:53]} a5
{[%clk 0:10:57]} 10. f4 {[%clk 0:11:34]} exd4 {[%clk 0:09:41]} 11. Nxd4
{[%clk 0:11:34]} Re8 {[%clk 0:09:27]} 12. Kh2 {[%clk 0:10:02]} Na6
{[%clk 0:09:15]} 13. Be3 {[%clk 0:07:37]} Nc5 {[%clk 0:08:34]} 14. Ndb5
{[%clk 0:07:32]} cxb5 {[%clk 0:05:59]} 15. Nxb5 {[%clk 0:07:32]} Qb6
{[%clk 0:05:17]} 16. Nxd6 {[%clk 0:07:30]} Rd8 {[%clk 0:04:54]} 17. e5
{[%clk 0:07:26]} Ne8 {[%clk 0:04:16]} 18. Qd5 {[%clk 0:06:54]} Nxd6
{[%clk 0:03:40]} 19. Bxc5 {[%clk 0:06:50]} Nxc4 {[%clk 0:02:39]} 20. Qxc4
{[%clk 0:04:30]} Qxb2 {[%clk 0:02:40]} 21. Rab1 {[%clk 0:04:25]} Be6
{[%clk 0:02:38]} 22. Rxb2 {[%clk 0:03:55]} Bxc4 {[%clk 0:02:38]} 23. Rc1
{[%clk 0:03:30]} Bd5 {[%clk 0:02:39]} 24. Bb6 {[%clk 0:02:23]} Rd7
{[%clk 0:02:40]} 25. Rd2 {[%clk 0:02:14]} Bc6 {[%clk 0:02:25]} 26. Rxd7
{[%clk 0:02:13]} Bxd7 {[%clk 0:02:26]} 27. Bxb7 {[%clk 0:02:12]} Rb8
{[%clk 0:02:04]} 28. Rc7 {[%clk 0:02:11]} Be6 {[%clk 0:01:59]} 29. Bxa5
{[%clk 0:01:50]} Bxa2 {[%clk 0:01:54]} 30. g4 {[%clk 0:01:04]} g5
{[%clk 0:01:50]} 31. Kg3 {[%clk 0:00:43]} Rd8 {[%clk 0:01:51]} 32. Rc8
{[%clk 0:00:38]} Rxc8 {[%clk 0:01:52]} 33. Bxc8 {[%clk 0:00:39]} gxf4+
{[%clk 0:01:45]} 34. Kxf4 {[%clk 0:00:40]} Be6 {[%clk 0:01:42]} 35. Bxe6
{[%clk 0:00:35]} fxe6 {[%clk 0:01:44]} 36. Bc7 {[%clk 0:00:30]} Kf7
{[%clk 0:01:44]} 37. Kg5 {[%clk 0:00:24]} Bf8 {[%clk 0:01:03]} 38. h4
{[%clk 0:00:22]} Be7+ {[%clk 0:01:03]} 39. Kh5 {[%clk 0:00:22]} Kg7
{[%clk 0:00:57]} 40. g5 {[%clk 0:00:23]} Kf7 {[%clk 0:00:54]} 41. Kh6
{[%clk 0:00:23]} Kg8 {[%clk 0:00:56]} 42. Bd6 {[%clk 0:00:13]} Bd8
{[%clk 0:00:54]} 43. h5 {[%clk 0:00:14]} Bb6 {[%clk 0:00:54]} 44. Be7
{[%clk 0:00:12]} Be3 {[%clk 0:00:54]} 45. Bf6 {[%clk 0:00:12]} Bd2
{[%clk 0:00:56]} 46. Be7 {[%clk 0:00:13]} Be3 {[%clk 0:00:57]} 47. Bf6
{[%clk 0:00:14]} Bd2 {[%clk 0:00:58]} 48. Bd8 {[%clk 0:00:13]} Be3
{[%clk 0:00:59]} 1/2-1/2

[Event "Turniej Bankowcow"]
[Site "?"]
[Date "2016.11.20"]
[Round "4.2"]
[White "Cajbel, Maciej"]
[Black "Dumanski, Aleksander"]
[Result "1-0"]
[BlackElo "2150"]
[WhiteElo "2182"]
[LiveChessVersion "1.4.8"]

1. e4 {[%clk 0:12:01]} c5 {[%clk 0:12:01]} 2. Nc3 {[%clk 0:12:01]} Nc6
{[%clk 0:12:02]} 3. Bb5 {[%clk 0:11:56]} g6 {[%clk 0:12:02]} 4. Bxc6
{[%clk 0:11:56]} bxc6 {[%clk 0:12:01]} 5. f4 {[%clk 0:11:48]} Bg7
{[%clk 0:12:02]} 6. Nf3 {[%clk 0:11:49]} d5 {[%clk 0:11:52]} 7. d3
{[%clk 0:11:46]} dxe4 {[%clk 0:10:34]} 8. Nxe4 {[%clk 0:11:43]} Nf6
{[%clk 0:10:35]} 9. O-O {[%clk 0:10:46]} O-O {[%clk 0:10:29]} 10. Nxc5
{[%clk 0:09:44]} Qb6 {[%clk 0:09:47]} 11. d4 {[%clk 0:09:44]} Rd8
{[%clk 0:09:41]} 12. Qe1 {[%clk 0:08:58]} Bg4 {[%clk 0:08:40]} 13. c3
{[%clk 0:08:55]} Nh5 {[%clk 0:07:46]} 14. Ne5 {[%clk 0:07:38]} Bc8
{[%clk 0:07:06]} 15. Qf2 {[%clk 0:07:19]} Ba6 {[%clk 0:06:16]} 16. Re1
{[%clk 0:07:14]} Nf6 {[%clk 0:05:57]} 17. f5 {[%clk 0:07:08]} Rd5
{[%clk 0:05:42]} 18. Bg5 {[%clk 0:06:27]} Rad8 {[%clk 0:05:26]} 19. h3
{[%clk 0:06:01]} Bc8 {[%clk 0:05:06]} 20. fxg6 {[%clk 0:06:01]} hxg6
{[%clk 0:05:07]} 21. b3 {[%clk 0:04:57]} a5 {[%clk 0:04:46]} 22. Re2
{[%clk 0:04:28]} Qa7 {[%clk 0:04:29]} 23. Rae1 {[%clk 0:04:26]} Ba6
{[%clk 0:04:00]} 24. Nxc6 {[%clk 0:04:20]} 1-0

[Event "Turniej Bankowcow"]
[Site "?"]
[Date "2016.11.20"]
[Round "4.3"]
[White "Pyra, Daniel"]
[Black "Sykula, Andrzej"]
[Result "1-0"]
[BlackElo "1790"]
[WhiteElo "2008"]
[LiveChessVersion "1.4.8"]

1. e4 {[%clk 0:12:00]} d5 {[%clk 0:12:00]} 2. exd5 {[%clk 0:11:59]} Nf6
{[%clk 0:11:59]} 3. Nf3 {[%clk 0:11:44]} Bg4 {[%clk 0:11:58]} 4. Be2
{[%clk 0:11:45]} Qxd5 {[%clk 0:11:47]} 5. Nc3 {[%clk 0:11:43]} Qd7
{[%clk 0:11:20]} 6. O-O {[%clk 0:11:41]} Nc6 {[%clk 0:11:19]} 7. d3
{[%clk 0:10:19]} O-O-O {[%clk 0:10:52]} 8. a3 e5 {[%clk 0:09:41]} 9. b4
{[%clk 0:10:06]} Qf5 {[%clk 0:09:01]} 10. Be3 {[%clk 0:08:08]} e4
{[%clk 0:08:12]} 11. Ne1 {[%clk 0:08:04]} Bxe2 {[%clk 0:08:05]} 12. Qxe2
{[%clk 0:08:04]} exd3 {[%clk 0:08:00]} 13. Nxd3 {[%clk 0:07:42]} Nd4
{[%clk 0:06:29]} 14. Bxd4 {[%clk 0:07:41]} Rxd4 {[%clk 0:06:28]} 15. Qe3
{[%clk 0:07:19]} Qd7 {[%clk 0:05:56]} 16. Ne5 {[%clk 0:06:38]} Ng4
{[%clk 0:05:09]} 17. Nxg4 {[%clk 0:06:07]} Qxg4 {[%clk 0:04:52]} 18. Nb5
{[%clk 0:05:53]} 1-0